Estadísticas para Las 10 Plagas de Egipto

Haz click aquí para intentar la prueba.

Estadísticas generales

  • Esta prueba ha sido intentada 1.111 veces
  • La puntuación promedio es 5 de 10

Estadísticas de respuestas

#Plaga% Correcto
8Langostas
77%
1Sangre
72%
2Ranas
69%
10Muerte de los primogénitos
54%
5Peste
54%
3Piojos
46%
4Moscas
42%
9Tinieblas
35%
7Granizo
28%
6Úlceras o Sarpullido
22%

Distribución de puntuación

Porcentaje por número respondido

Porcentaje de gente con cada puntuación

Historial de tus puntuaciones

No has intentado esta prueba.